000
00312nam a2200145Ia 4500
100
_a
Driankov/ Hellendoorn
942
_c
BK
654
_a
fuzzy control
245
_a
An introduction to fuzzy control
260
_b
Narosa
_c
1993
082
_a
511.322
_b
DRI
300
_a
316
546
_a
ENGLISH
999
_c
19823
_d
19823